Madras metropolitan development plan (Record no. 416622)

000 -LEADER
fixed length control field 00322cam a22001097a 4500
008 - FIXED-LENGTH DATA ELEMENTS--GENERAL INFORMATION
fixed length control field 180718b1967 xxu||||| |||| 00| 0 eng d
082 ## - DEWEY DECIMAL CLASSIFICATION NUMBER
Classification number J7mtx5452 M267
245 ## - TITLE STATEMENT
Title Madras metropolitan development plan
260 ## - PUBLICATION, DISTRIBUTION, ETC.
Place of publication, distribution, etc. Madras
Name of publisher, distributor, etc. Government Of Madras
Date of publication, distribution, etc. 1967
300 ## - PHYSICAL DESCRIPTION
Extent ii, 150p
650 ## - SUBJECT ADDED ENTRY--TOPICAL TERM
Topical term or geographic name entry element Municipal Government - India - Delhi
Holdings
Withdrawn status Lost status Damaged status Not for loan Permanent Location Current Location Date acquired Full call number Barcode Date last seen Price effective from Koha item type
        Indian Institute of Public Administration Indian Institute of Public Administration 2009-03-17 J7mtx5452 M267 D421 2018-07-21 2018-07-21 D

Powered by Koha